000 00490nmm a2200157Ia 4500
008 251105s9999||||xx |||||||||||||||||und||
020 _a9788493655464
041 _aspa
100 _aArmengol, Montse
245 0 _aDinamarca. Todos los capítulos :
_b La guía básica para descubrir el país
264 _a[Madrid, España] :
_bEcos Travel Books,
_c2011
300 _a216 páginas
490 _aMundo Insólito
856 _uhttps://public.digitaliapublishing.com/a/50759
942 _cCF
999 _c89193
_d89193